[Event "Steyr Landesliga 1819"]
[Site "Austria"]
[Date "2018.10.06"]
[Round "1.3"]
[White "Zechner, Gernot"]
[Black "Schloffer, Jasmin Denise"]
[Result "1/2-1/2"]
[WhiteElo "2261"]
[BlackElo "2116"]
[PlyCount "35"]
[EventDate "2018.10.06"]
[EventType "team-tourn"]
[EventRounds "11"]
[EventCountry "AUT"]
[SourceTitle "CBM 187 Extra"]
[Source "ChessBase"]
[SourceDate "2018.11.04"]
[SourceVersion "1"]
[SourceVersionDate "2018.11.04"]
[SourceQuality "1"]
[WhiteTeam "Graz Austria"]
[BlackTeam "Feldbach Kirchberg"]
[WhiteTeamCountry "AUT"]
[BlackTeamCountry "AUT"]

1. d4 Nf6 2. c4 e6 3. Nc3 Bb4 4. e3 b6 5. Nge2 Ba6 6. a3 Be7 7. Ng3 d5 8. b3 0-0 9. Bd3 dxc4 10. bxc4 Nc6 11. 0-0 Na5 12. Qa4 Qd7 13. Nb5 c6 14. Nc3 c5 15. Nb5 cxd4 16. exd4 Rfd8 17. Bb2 Bb7 18. Qc2 1/2-1/2

[Event "AUT-chT2M 0405"]
[Site "Austria"]
[Date "2005.04.02"]
[Round "10.3"]
[White "Stuhlik, Marko"]
[Black "Zechner, Gernot"]
[Result "0-1"]
[WhiteElo "2246"]
[BlackElo "2211"]
[PlyCount "124"]
[EventDate "2004.10.16"]
[EventType "team-tourn"]
[EventRounds "11"]
[EventCountry "AUT"]
[SourceTitle "EXT 2005"]
[Source "ChessBase"]
[SourceDate "2004.11.15"]
[SourceVersion "1"]
[SourceVersionDate "2004.11.15"]
[SourceQuality "1"]
[WhiteTeam "Trofaiach Niklasdorf"]
[BlackTeam "Wolfsberg"]
[WhiteTeamCountry "AUT"]
[BlackTeamCountry "AUT"]

1. g3 d5 2. Bg2 Nf6 3. Nf3 c6 4. d3 Bg4 5. Nbd2 Nbd7 6. h3 Bh5 7. 0-0 e6 8. b3 Bd6 9. Bb2 0-0 10. Qe1 Qe7 11. a3 a5 12. e4 dxe4 13. dxe4 e5 14. Nc4 Bc7 15. a4 Bxf3 16. Bxf3 Nc5 17. Bg2 Rfe8 18. Bc3 b6 19. Qe3 Nfd7 20. h4 Ne6 21. Bh3 f6 22. Kg2 Rad8 23. Rfd1 Qc5 24. Bxe6+ Rxe6 25. Qxc5 Nxc5 26. Rxd8+ Bxd8 27. Rd1 Bc7 28. f3 Kf7 29. Be1 Ke7 30. h5 Nd7 31. Bc3 Bd6 32. Ne3 g6 33. hxg6 hxg6 34. Rh1 Nf8 35. Nc4 Bc5 36. Nb2 Bd4 37. Bxd4 exd4 38. Rd1 c5 39. Nd3 g5 40. Nb2 g4 41. Rh1 f5 42. Re1 Nh7 43. e5 gxf3+ 44. Kxf3 Rh6 45. Re2 Ke6 46. Nc4 Ng5+ 47. Kg2 Ne4 48. Kf3 Rg6 49. Rg2 Ng5+ 50. Kf4 Nh3+ 51. Kf3 Ng5+ 52. Kf4 Nf7 53. Re2 Rg4+ 54. Kf3 Ng5+ 55. Kg2 Ne4 56. Nxb6 Rxg3+ 57. Kh2 Re3 58. Rg2 f4 59. Nc4 f3 60. Nxe3 dxe3 61. Rg4 f2 62. Kg2 e2 0-1

[Event "AUT-chT2M 0405"]
[Site "Austria"]
[Date "2005.01.30"]
[Round "7.5"]
[White "Titz, Heimo"]
[Black "Zechner, Gernot"]
[Result "0-1"]
[WhiteElo "2191"]
[BlackElo "2211"]
[PlyCount "105"]
[EventDate "2004.10.16"]
[EventType "team-tourn"]
[EventRounds "11"]
[EventCountry "AUT"]
[SourceTitle "EXT 2005"]
[Source "ChessBase"]
[SourceDate "2004.11.15"]
[SourceVersion "1"]
[SourceVersionDate "2004.11.15"]
[SourceQuality "1"]
[WhiteTeam "Klagenfurter Die"]
[BlackTeam "Wolfsberg"]
[WhiteTeamCountry "AUT"]
[BlackTeamCountry "AUT"]

1. c4 e5 2. Nc3 Nf6 3. Nf3 Nc6 4. e3 Bb4 5. Qc2 Bxc3 6. Qxc3 Qe7 7. a3 d5 8. cxd5 Nxd5 9. Qb3 Nb6 10. d3 a5 11. Bd2 a4 12. Qc2 0-0 13. Be2 Be6 14. Rc1 Rad8 15. Qc5 Qe8 16. e4 Bg4 17. Bb4 Bxf3 18. Bxf3 Nxb4 19. axb4 Rxd3 20. 0-0 Rd7 21. Bg4 Re7 22. Be2 Nc8 23. Bb5 b6 24. Qc4 Nd6 25. Bxe8 Nxc4 26. Bxa4 Nxb2 27. Bb5 Rd8 28. Rc2 Nd1 29. Bc6 Rd3 30. b5 g6 31. Re1 Nc3 32. Ra1 Na4 33. f3 Nc5 34. Kf2 Kg7 35. Bd5 Rd4 36. Rb1 Nd3+ 37. Kf1 Nb4 38. Rc3 Nxd5 39. exd5 Rxd5 40. Kf2 f5 41. Rbc1 Rdd7 42. R1c2 Kf7 43. Rc6 Ke8 44. h4 Kd8 45. h5 gxh5 46. Rf6 f4 47. Rh6 Rd5 48. Rb2 Red7 49. Ke1 Rc5 50. Rxh5 Rdd5 51. Ra2 Rxb5 52. Rxh7 Ra5 53. Rc2 0-1